00895nam a22002657a 45000010005000000030006000050050017000110080041000280200018000690400030000870500014001170820011001311000020001422450066001622600037002283000060002654900037003255050008003625200112003705210021004825210020005036000041005236500031005647000034005953333FISKH20240229095229.0240228b cb ||||| |||| 00| 0 eng d a9780439045957 aFISKH bengcFISKHdFISKH aTT921.C36 a738.12 aChanko, Pamela  aClay art / bby Pamela Chanko ; ilustrated by Betsey Chessen  aNew York : bScholastic , c1999 a16 unnumbered pages : bcolor illustrations ;c19 cm .  aLearning Center Emergent Readers aE  aShows how Gloria Elliott uses clay to make sculptures, mobiles, music boxes, necklaces, and finger puppets.8 a270 bLexile 8 aE bRaz-Plus  2pottery craft vJuvenile literature  aartist toolsvnon-fiction  aChessen, Betsey eillustrator